00672nam a2200157 a 450000100100000000500170001000800410002702000150006804000250008324502070010826000340031530000350034949000290038450400720041383000290048500004312820201002040646.0140220s1983 sp c 000 0 spa d a8472236080 aDO-SdBNPbspacBNPHU00aConsules de Sodoma :bEntrevistas de "Gay Sunshine" a William Burroughs, Jean Genet, Lou Harrison, John Rechy, Gore Vidal /cedición a cargo de Winston Leyland ; traduccón de Homero Alsina Thevenet. aBarcelona :bTusquets,c1983. av. (241 p.) ; :bil. ;c19 cm.1 aCuadernos ínfimosv108 aIncluye referencias bibliográfica y notas al pie de las páginas 0aCuadernos ínfimosv108